His brother's keeper : Israel and Diaspora Jewry in the twenty-first century /

Bibliographic Details
Main Author: Beilin, Yossi, 1948-
Format: Book
Language:English
Published: New York : Schocken Books, [2000]
Subjects:

MARC

Tag First Indicator Second Indicator Subfields
LEADER 00000cam a22000004a 4500
001 in00001566439
005 20210724063135.0
008 991209s2000 nyu b 001 0 eng
010 |a  99089429  
020 |a 0805241752 
035 |a (OCoLC)ocm43036913 
040 |a DLC  |c DLC  |d TXA  |d UtOrBLW 
041 1 |a eng  |h heb 
042 |a pcc 
043 |a a-is--- 
049 |a TXAM 
050 0 0 |a DS132  |b .B3413 2000 
082 0 0 |a 305.892/4  |2 21 
100 1 |a Beilin, Yossi,  |d 1948- 
240 1 0 |a Moto shel ha-dod me-Ameriḳah.  |l English 
245 1 0 |a His brother's keeper :  |b Israel and Diaspora Jewry in the twenty-first century /  |c Yossi Beilin. 
264 1 |a New York :  |b Schocken Books,  |c [2000] 
264 4 |c ©2000 
300 |a xxxvi, 232 pages ;  |c 22 cm. 
336 |a text  |b txt  |2 rdacontent 
337 |a unmediated  |b n  |2 rdamedia 
338 |a volume  |b nc  |2 rdacarrier 
500 |a Translated by Ira Moskowitz. 
504 |a Includes bibliographical references (pages 215-218) and index. 
650 0 |a Israel and the diaspora. 
650 0 |a Jewish diaspora. 
650 0 |a Jews  |x Attitudes toward Israel. 
650 0 |a Jews  |x Identity. 
994 |a E0  |b TXA 
948 |a cataloged  |b h  |c 2000/11/9  |d c  |e jlanham  |f 2:36:21 pm 
999 |a MARS 
999 f f |s c643847b-6210-3fb2-bcea-531e01090024  |i 06c133fa-733d-3755-b6bd-c0caf205847d  |t 0 
952 f f |p ric  |a Texas A&M University  |b Rellis Campus  |c Joint Library Facility  |d Remote Storage  |t 0  |e DS132 .B3413 2000  |h Library of Congress classification  |i unmediated -- volume  |m A14826903037 
998 f f |a DS132 .B3413 2000  |t 0  |l Remote Storage